000 00397pab a2200157 454500
008 180718b2001 xxu||||| |||| 00| 0 eng d
100 _aSobhee, Sanjeev K.
245 _aCentral bank independence versus partisan monetary
260 _c2001
300 _ap.93-102
362 _aJul-Sep
650 _aBanks - Mauritius
650 _aBanks
773 _aIndian Economic Journal
909 _a50921
999 _c50921
_d50921